000 00331 a2200097 4500
245 0 0 _aPrzetwarzanie informacji i komputery - Terminologia Jednostki centralne PN-89/T-01016.11 /
_cMin. Przemysłu.
246 1 3 _aPN-89/T-01016.11
246 1 3 _a681.3:001.4
260 _aWarszawa :
_bMin. Przemysłu,
_c1989.
300 _a14 stron ;
_c30 cm.
650 _aPolska norma
999 _c20277
_d20277